| 000 | 01128nam a22002057a 4500 | ||
|---|---|---|---|
| 999 |
_c61940 _d61940 |
||
| 003 | Ge_BSU | ||
| 005 | 20240613104457.0 | ||
| 008 | 240613s1953 ge ||||| |||| 00| 0 geo d | ||
| 041 | _ageo | ||
| 080 | _a611(063) ე-91 | ||
| 245 |
_aექსპერიმენტული მორფოლოგიის ინსტიტუტი : _bშრომები. ტ. 4 / _cრედ. ალ. ნათიშვილი; საქართველოს სსრ მეცნიერებათა აკადემია. |
||
| 264 |
_aთბილისი : _bსაქართველოს სსრ მეცნიერებათა აკადემია, _c1953. |
||
| 300 |
_a304 გვ.; _b25 სმ. |
||
| 653 | _aშრომები | ||
| 653 | _aექსპერიმენტული მორფოლოგია | ||
| 653 | _aმედიცინა | ||
| 700 |
_aნათიშვილი, ალ. _eრედაქტორი _922403 |
||
| 710 |
_aსაქართველოს სსრ მეცნიერებათა აკადემია _922411 |
||
| 942 |
_2udc _cSHR |
||